00953nam a2200217 a 450000100100000000500170001000800410002704000250006808200150009310000420010824502240015025000110037426000450038530000270043049000380045750000660049550000740056150400300063570000320066583000380069700004710220201002053346.0180416s2013 dr a 000 0 spa d aDO-SdBNPbspacBNPHU axxxxbxxxx1 aCross Frías de Fiallo, Isabel Luisa10aCiencias de la naturaleza : manual de prácticas de laboratorio :bsegundo grado de educación básica /cIsabel Luisa Cross Frías de Fiallo ; ilustraciones Carlos José Peña, Isabel Luisa Cross Frias de Fiallo. a2a ed. aSanto Domingo :bAmigo del Hogar,c2013. a27 p. :bil. ;c28 cm.1 aCiclos de aprendizaje práctico. aIncluye datos biográficos de la autora en la contracubierta aEvaluados, revisados y aprobados. Dirección general de currículo. aBibliografía : p. 24-251 aPeña, Carlos José,eil. 0aCiclos de aprendizaje práctico.